000 01115ngm a22003250a 4500
001 PT16666
003 AR-LpoUNG
005 20210202000219.0
007 vd cvaizq
008 191001s1939||||ag |||||||||||||||||eng d
037 _c$6.63
040 _aAR-LpoUNG
_bspa
_cAR-LpoUNG
_eaacr
041 _aeng
_aspa
044 _aag
082 0 _a306.9 966rec
100 1 _aSutherland, Edward A.
_edir.
245 1 0 _aRecordando a Laurel & Hardy (XV) :
_btontos de altura
260 _aBuenos Aires :
_bCultural Video,
_c[1939].
300 _aVHS (65 min.) : son., byn
505 0 _aGuión: Ralph Spence, Alfred Schiller, Charles Rogers.
520 _aA causa de un desengaño amoroso y luego de un suicidio fracasado Hardy se enrola en la Legión Extranjera, seguido por laurel. Sin embargo, la vida de legionarios no le sienta muy bien al duo. Es así que deciden huir. Capturados, son condenados a muerte.
650 4 _aACTIVIDAD MILITAR
650 4 _aCAUSAS DE MUERTE
650 4 _aMILITARISMO
650 4 _aSOCIEDAD
650 4 _aSUICIDIO
653 _aVIDEOS
905 _a16666
942 _cVIDEO
999 _c54359
_d54359